00888 2200337 4500001002100000005001700021008004100038020002200079035002400101040001200125041000800137082001100145084001700156100002600173245006600199250001000265260002800275300002800303600001800331650003100349990001700380990001700397990001700414990001700431990001700448990001700465990001700482990001700499990001700516990001700533YOGYA-0113000000022820170116143633.0 ind  a978-979-661-183-6 0010-011300000000228 aYOPDYOG aIND a297.57 a297.57 Moh M aMUHAMMAD FAUZIL ADHIM aMencari ketenangan di tengah kesibukancMUHAMMAD FAUZIL ADHIM aCet.1 aYogyakartabPro-Uc2011 a342 hlmc19 cm (10 eks) aYusuf Maulana aKehidupan beragama (Islam) a2551-PK/B.12 a2552-PK/B.12 a2553-PK/B.12 a2554-PK/B.12 a2555-PK/B.12 a2556-PK/B.12 a2557-PK/B.12 a2558-PK/B.12 a2559-PK/B.12 a2560-PK/B.12